| 000 | 00866nam a22002177a 4500 | ||
|---|---|---|---|
| 999 |
_c12314 _d12314 |
||
| 003 | AR-CdUCM | ||
| 008 | 190408b ||||| |||| 00| 0 spa d | ||
| 040 |
_aMUNICIPALIDAD PROVINCIAL DEL CUSCO _cBIBLIOTECA MUNICIPAL DEL CUSCO |
||
| 082 |
_26ed. _a937 / _bS18 / 1897 |
||
| 100 |
_aSalazar, Manuel M. _929221 |
||
| 245 | _aCompendio de historia romana para los colegios de instrucción media conforme al programa oficial / | ||
| 260 |
_aLima : _bCarlos Prince, _c1897. |
||
| 300 |
_a216 páginas ; _c16 cm. |
||
| 500 | _aDedicatoria | ||
| 505 | _aContenido: La Italia , primeros habitantes -- Dos dinastías -- Constitución de Roma bajo los reyes -- Dominación de los patricios -- Familia Julia -- Los antoninos ... | ||
| 650 |
_aHistoria _9136 |
||
| 650 |
_aRoma _92474 |
||
| 650 |
_aTextos escolares _94527 |
||
| 942 |
_2ddc _cLIBROS |
||
| 945 |
_aacv _d08/04/2019 |
||